00547cam a22001574a 4500020003600000040000800036082002600044100001900070245004600089260003600135300003300171650002700204650003200231856006700263856005900330 a0471388742 (cloth : alk. paper) cDLC00a618 WIL 2003 A083 Or.1 aPhares, Vicky.10aUnderstanding abnormal child psychology / aHoboken, N.J. :bWiley,cc2003. axv, 455 p. :bill. ;c26 cm. 0aChild psychopathology. 0aAdolescent psychopathology.42uhttp://www.loc.gov/catdir/description/wiley035/2002034332.html41uhttp://www.loc.gov/catdir/toc/wiley031/2002034332.html